Boy Scout Merit Badges - Statistics

General Stats
  • This quiz has been taken 120 times
  • The average score is 50 of 138
Answer Stats
Answer % Correct
Hiking
82%
Cooking
76%
Swimming
76%
Citizenship in the Community
68%
Citizenship in the Nation
68%
Citizenship in the World
68%
First Aid
68%
Art
65%
Camping
65%
Cycling
65%
Fishing
62%
Personal Fitness
62%
Emergency Preparedness
59%
Environmental Science
59%
Canoeing
56%
Citizenship in Society
56%
Woodwork
56%
Archery
53%
Chess
53%
Climbing
53%
Kayaking
53%
Rifle Shooting
53%
American Business
50%
Fly Fishing
50%
Indian Lore
50%
Lifesaving
50%
Music
50%
Shotgun Shooting
50%
American Heritage
47%
Aviation
47%
Basketry
47%
Bird Study
47%
Family Life
47%
Sports
47%
Motorboating
44%
Nature
44%
Pets
44%
Sustainability
44%
Water Sports
44%
Architecture
41%
Astronomy
41%
Fingerprinting
41%
Forestry
41%
Game Design
41%
Geology
41%
Mammal Study
41%
Orienteering
41%
Reptile and Amphibian Study
41%
Safety
41%
Snow Sports
41%
Archaeology
38%
Chemistry
38%
Communication
38%
Electricity
38%
Electronics
38%
Engineering
38%
Leatherwork
38%
Metalwork
38%
Personal Management
38%
Reading
38%
Athletics
35%
Backpacking
35%
Collections
35%
Dentistry
35%
Dog Care
35%
Fire Safety
35%
Fish & Wildlife Management
35%
Geocaching
35%
Golf
35%
Horsemanship
35%
Rowing
35%
Wood Carving
35%
Animal Science
32%
Automotive Maintenance
32%
Coin Collecting
32%
Law
32%
Mining in Society
32%
Small-Boat Sailing
32%
Welding
32%
Whitewater
32%
Wilderness Survival
32%
American Cultures
29%
American Labor
29%
Bugling
29%
Energy
29%
Insect Study
29%
Nuclear Science
29%
Pioneering
29%
Space Exploration
29%
Painting
26%
Public Health
26%
Public Speaking
26%
Pulp and Paper
26%
Scholarship
26%
Scouting Heritage
26%
Scuba Diving
26%
Sculpture
26%
Traffic Safety
26%
Disabilities Awareness
24%
Health Care Professions
24%
Signs, Signals, and Codes
24%
Skating
24%
Soil and Water Conservation
24%
Stamp Collecting
24%
Textile
24%
Weather
24%
Composite Materials
21%
Crime Prevention
21%
Entrepreneurship
21%
Exploration
21%
Landscape Architecture
21%
Model Design and Building
21%
Oceanography
21%
Photography
21%
Plumbing
21%
Pottery
21%
Programming
21%
Railroading
21%
Robotics
21%
Search and Rescue
21%
Theater
21%
Truck Transportation
21%
Veterinary Medicine
21%
Animation
18%
Farm Mechanics
18%
Gardening
18%
Genealogy
18%
Home Repairs
18%
Journalism
18%
Plant Science
18%
Digital Technology
15%
Graphic Arts
15%
Inventing
15%
Moviemaking
15%
Salesmanship
15%
Drafting
12%
Radio
12%
Surveying
12%
No matching quizzes found
Score Distribution
Percent of People with Each Score
Percentile by Number Answered
Your Score History
You have not taken this quiz